Reading weather : the field guide to forecasting ... Read More
Available copies
- 0 of 2 copies available at LARL/NWRL Consortium.
- 0 of 2 copies available at Lake Agassiz Regional Library. (Show preferred library)
Current holds
0 current holds with 2 total copies.
Show Only Available Copies
| Location | Call Number / Copy Notes | Barcode | Shelving Location | Status | Due Date |
|---|---|---|---|---|---|
| Detroit Lakes Public Library | 551.63 WOO (Text) | 33500013693668 | Main | Checked out | 05/18/2026 |
| Moorhead Public Library | 551.63 WOO (Text) | 33500013693650 | Main | Checked out | 05/11/2026 |
Record details
- ISBN: 9781493067091
- ISBN: 1493067095
- Physical Description: 116 pages : illustrations ; 18 cm
- Edition: Third edition.
- Publisher: Essex, Connecticut : Falcon Guides, [2022]
Content descriptions
| Bibliography, etc. Note: | Includes bibliographical references and index. |
| Summary, etc.: | "Reading Weather provides a quick and simple way ... Read More |
Search for related items by subject
| Subject: | Weather forecasting > Handbooks, manuals, etc. |
Search for related items by series
| LDR | 01662cam a22003978i 4500 | ||
|---|---|---|---|
| 001 | 386023 | ||
| 003 | LARL_NWRL_CONSORTIUM | ||
| 005 | 20221018144914.0 | ||
| 008 | 220223s2022 ctu b 001 0 eng | ||
| 010 | . | ‡a 2022008771 | |
| 040 | . | ‡aDLC ‡beng ‡erda ‡cDLC ‡dHHO ‡dUKMGB | |
| 015 | . | ‡aGBC2H5646 ‡2bnb | |
| 016 | 7 | . | ‡a020764889 ‡2Uk |
| 020 | . | ‡a9781493067091 ‡q(paperback) | |
| 020 | . | ‡a1493067095 ‡q(paperback) | |
| 020 | . | ‡z9781493067107 ‡q(epub) | |
| 035 | . | ‡a(OCoLC)1337408666 | |
| 042 | . | ‡apcc | |
| 082 | 0 | 0. | ‡a551.63 ‡223/eng20220726 |
| 100 | 1 | . | ‡aWoodmencey, Jim, ‡d1957- ‡eauthor. |
| 245 | 1 | 0. | ‡aReading weather : ‡bthe field guide to forecasting the weather / ‡cJim Woodmencey. |
| 250 | . | ‡aThird edition. | |
| 264 | 1. | ‡aEssex, Connecticut : ‡bFalcon Guides, ‡c[2022] | |
| 300 | . | ‡a116 pages : ‡billustrations ; ‡c18 cm | |
| 336 | . | ‡atext ‡btxt ‡2rdacontent | |
| 337 | . | ‡aunmediated ‡bn ‡2rdamedia | |
| 338 | . | ‡avolume ‡bnc ‡2rdacarrier | |
| 490 | 0 | . | ‡aFalcon guide |
| 504 | . | ‡aIncludes bibliographical references and index. | |
| 520 | . | ‡a"Reading Weather provides a quick and simple way to understand how the atmosphere works, how to interpret and use weather forecasts before venturing outdoors, and also how to make your own forecast in the field by observing the changes in the weather"-- ‡cProvided by publisher. | |
| 650 | 0. | ‡aWeather forecasting ‡vHandbooks, manuals, etc. | |
| 776 | 0 | 8. | ‡iOnline version: ‡aWoodmencey, Jim, 1957- ‡tReading weather ‡bThird edition ‡dEssex, Connecticut : Falcon Guides, 2022 ‡z9781493067107 ‡w(DLC) 2022008772 |
| 901 | . | ‡a386023 ‡bOCoLC ‡c386023 ‡tbiblio ‡soclc | |

Add to basket
Permalink
Disable Highlighting